[Event "13. Golden Prague Rapid Open"]
[Site "Praha"]
[Date "2017.07.01"]
[Round "3.11"]
[White "Starek, Stanislav"]
[Black "Ruzicka, Ondrej"]
[Result "1-0"]
[WhiteElo "2085"]
[BlackElo "1890"]
[Annotator ""]
[Source ""]
[Remark ""]

1.d4 {[%clk 0:12:05]} Nf6 {[%clk 0:11:49]} 2.Nf3 {[%clk 0:12:05]}
g6 {[%clk 0:11:43]} 3.c4 {[%clk 0:12:07]} Bg7 {[%clk 0:11:43]}
4.g3 {[%clk 0:12:09]} O-O {[%clk 0:11:38]} 5.Bg2 {[%clk 0:12:10]}
b6 {[%clk 0:11:09]} 6.Ne5 {[%clk 0:11:33]} c6 {[%clk 0:11:11]}
7.O-O {[%clk 0:11:33]} Bb7 {[%clk 0:11:02]} 8.Nc3 {[%clk 0:11:21]}
d6 {[%clk 0:10:43]} 9.Nd3 {[%clk 0:11:19]} Nbd7 {[%clk 0:09:16]}
10.b3 {[%clk 0:10:45]} Qc7 {[%clk 0:08:20]} 11.Bb2 {[%clk 0:10:45]}
a6 {[%clk 0:08:17]} 12.Rc1 {[%clk 0:10:37]} e6 {[%clk 0:07:26]}
13.e4 {[%clk 0:10:35]} c5 {[%clk 0:07:02]} 14.d5 {[%clk 0:10:01]}
e5 {[%clk 0:05:57]} 15.f4 {[%clk 0:10:01]} exf4 {[%clk 0:05:45]}
16.gxf4 {[%clk 0:10:03]} Nh5 {[%clk 0:04:43]} 17.Bf3 {[%clk 0:09:54]}
Nhf6 {[%clk 0:03:37]} 18.Ne2 {[%clk 0:09:27]} Rfe8 {[%clk 0:03:33]}
19.Ng3 {[%clk 0:09:24]} b5 {[%clk 0:03:03]} 20.cxb5 {[%clk 0:09:11]}
axb5 {[%clk 0:03:03]} 21.e5 {[%clk 0:09:06]} dxe5 {[%clk 0:02:54]}
22.Nxe5 {[%clk 0:08:54]} Nxe5 23.fxe5 {[%clk 0:08:52]} Nd7 {[%clk 0:02:04]}
24.d6 {[%clk 0:08:50]} Qb6 {[%clk 0:02:03]} 25.Bd5 {[%clk 0:08:42]}
Bxd5 {[%clk 0:01:24]} 26.Qxd5 {[%clk 0:08:43]} Nxe5 {[%clk 0:00:55]}
27.d7 {[%clk 0:08:30]} Re7 {[%clk 0:00:40]} 28.Qxa8+ {[%clk 0:08:30]}
Bf8 {[%clk 0:00:27]} 29.d8Q {[%clk 0:08:17]} Nd7 {[%clk 0:00:18]} 1-0

[Event "13. Golden Prague Rapid Open"]
[Site "Praha"]
[Date "2017.07.01"]
[Round "3.12"]
[White "Festa, Samuele"]
[Black "Vladyka, Vaclav"]
[Result "1-0"]
[WhiteElo "2078"]
[BlackElo "1889"]
[Annotator ""]
[Source ""]
[Remark ""]

1.Nf3 {[%clk 0:12:04]} d5 {[%clk 0:12:05]} 2.g3 {[%clk 0:12:01]}
c5 {[%clk 0:12:04]} 3.Bg2 {[%clk 0:12:03]} Nc6 {[%clk 0:12:06]}
4.O-O {[%clk 0:12:02]} e5 {[%clk 0:12:00]} 5.d3 {[%clk 0:12:02]}
Nf6 {[%clk 0:12:01]} 6.Nbd2 {[%clk 0:11:28]} Be7 {[%clk 0:12:00]}
7.e4 {[%clk 0:11:24]} dxe4 {[%clk 0:11:54]} 8.dxe4 {[%clk 0:11:20]}
Be6 {[%clk 0:11:53]} 9.c3 {[%clk 0:11:09]} O-O {[%clk 0:11:53]}
10.Qe2 {[%clk 0:10:53]} Qd7 {[%clk 0:11:31]} 11.Nc4 {[%clk 0:09:43]}
Bg4 {[%clk 0:10:54]} 12.a4 {[%clk 0:09:29]} Qe6 {[%clk 0:10:49]}
13.Re1 {[%clk 0:08:28]} Rad8 {[%clk 0:10:42]} 14.Bg5 {[%clk 0:08:23]}
Rd7 {[%clk 0:10:20]} 15.Rad1 {[%clk 0:07:47]} Rfd8 {[%clk 0:10:17]}
16.Rxd7 {[%clk 0:07:47]} Rxd7 {[%clk 0:10:15]} 17.Bxf6 {[%clk 0:07:32]}
Bxf6 {[%clk 0:10:01]} 18.Ne3 {[%clk 0:07:31]} Bxf3 {[%clk 0:09:49]}
19.Bxf3 {[%clk 0:07:27]} Ne7 {[%clk 0:09:44]} 20.Bg4 {[%clk 0:07:18]}
Qc6 {[%clk 0:09:15]} 21.Bxd7 {[%clk 0:07:17]} Qxd7 {[%clk 0:09:16]}
22.Rd1 {[%clk 0:07:06]} Qc7 {[%clk 0:09:18]} 23.Qd3 {[%clk 0:06:29]}
Nc6 {[%clk 0:08:23]} 24.Qd7 {[%clk 0:06:14]} Qd8 {[%clk 0:08:00]}
25.Qxd8+ {[%clk 0:05:55]} Bxd8 {[%clk 0:07:57]} 26.Rd7 {[%clk 0:05:44]}
b6 {[%clk 0:07:34]} 27.Rd6 {[%clk 0:05:41]} 1-0

[Event "13. Golden Prague Rapid Open"]
[Site "Praha"]
[Date "2017.07.01"]
[Round "3.13"]
[White "Melich, Jindrich"]
[Black "Bily, Michal"]
[Result "1/2-1/2"]
[WhiteElo "2049"]
[BlackElo "1883"]
[Annotator ""]
[Source ""]
[Remark ""]

1.b4 {[%clk 0:12:05]} Nf6 {[%clk 0:11:59]} 2.Bb2 {[%clk 0:12:07]}
c6 {[%clk 0:11:54]} 3.c4 {[%clk 0:12:08]} a5 {[%clk 0:11:56]}
4.b5 {[%clk 0:12:10]} cxb5 {[%clk 0:11:57]} 5.cxb5 {[%clk 0:12:11]}
d5 {[%clk 0:11:53]} 6.e3 {[%clk 0:12:12]} Bf5 {[%clk 0:11:39]}
7.Nf3 {[%clk 0:12:05]} h6 {[%clk 0:11:40]} 8.Be2 {[%clk 0:11:49]}
Nbd7 {[%clk 0:11:41]} 9.O-O {[%clk 0:11:33]} e6 {[%clk 0:11:23]}
10.Nc3 {[%clk 0:11:20]} Be7 {[%clk 0:11:15]} 11.Rc1 {[%clk 0:11:16]}
O-O {[%clk 0:11:16]} 12.d4 {[%clk 0:11:11]} Nb6 {[%clk 0:10:33]}
13.Nd2 {[%clk 0:10:54]} Bd6 {[%clk 0:10:18]} 14.Na4 {[%clk 0:10:01]}
Nxa4 {[%clk 0:09:19]} 15.Qxa4 {[%clk 0:10:03]} Nd7 {[%clk 0:09:13]}
16.Ba3 {[%clk 0:09:55]} Nb6 {[%clk 0:09:15]} 17.Qb3 {[%clk 0:09:56]}
a4 {[%clk 0:09:13]} 18.Qb2 {[%clk 0:09:58]} Qe7 {[%clk 0:09:03]}
19.Bxd6 {[%clk 0:09:55]} Qxd6 {[%clk 0:09:04]} 20.Rc3 {[%clk 0:09:54]}
Rfc8 {[%clk 0:09:04]} 21.Rfc1 {[%clk 0:09:55]} Kf8 {[%clk 0:07:53]}
22.Rxc8+ {[%clk 0:09:43]} Rxc8 {[%clk 0:07:55]} 23.Rxc8+ {[%clk 0:09:45]}
Nxc8 {[%clk 0:07:56]} 24.Qc3 {[%clk 0:09:43]} Nb6 {[%clk 0:07:55]}
25.h3 {[%clk 0:09:27]} Ke7 {[%clk 0:07:41]} 26.g4 {[%clk 0:08:52]}
Bg6 {[%clk 0:07:43]} 27.Kg2 {[%clk 0:08:53]} f6 {[%clk 0:07:44]}
28.a3 {[%clk 0:08:04]} Be8 {[%clk 0:07:45]} 29.Bd3 {[%clk 0:07:44]}
Bd7 {[%clk 0:07:46]} 30.f4 {[%clk 0:07:35]} g5 {[%clk 0:07:15]}
31.Kf3 {[%clk 0:07:32]} gxf4 {[%clk 0:07:11]} 32.exf4 {[%clk 0:07:31]}
Nc8 {[%clk 0:06:37]} 33.Nb1 {[%clk 0:06:54]} b6 {[%clk 0:06:15]}
34.Qb2 {[%clk 0:06:38]} Na7 {[%clk 0:05:42]} 35.Nc3 {[%clk 0:06:39]}
e5 {[%clk 0:05:39]} 36.fxe5 {[%clk 0:06:27]} fxe5 {[%clk 0:05:41]}
37.dxe5 {[%clk 0:06:27]} Qxe5 {[%clk 0:05:40]} 38.Qe2 {[%clk 0:05:53]}
Kd6 {[%clk 0:05:32]} 39.Qxe5+ {[%clk 0:05:36]} Kxe5 {[%clk 0:05:33]}
40.Nxa4 {[%clk 0:05:31]} Bxb5 {[%clk 0:05:34]} 41.Bxb5 {[%clk 0:05:05]}
Nxb5 {[%clk 0:05:36]} 42.Nxb6 Nxa3 {[%clk 0:05:37]} 43.h4 {[%clk 0:05:05]}
Nc4 {[%clk 0:05:01]} 44.Nd7+ {[%clk 0:04:41]} Ke6 {[%clk 0:04:52]}
45.Nc5+ {[%clk 0:04:28]} Ke5 {[%clk 0:04:46]} 46.h5 {[%clk 0:03:39]}
Nd2+ {[%clk 0:04:43]} 47.Ke3 {[%clk 0:03:39]} Nc4+ {[%clk 0:04:45]}
48.Kf3 {[%clk 0:03:37]} Nd2+ {[%clk 0:04:46]} 1/2-1/2

[Event "13. Golden Prague Rapid Open"]
[Site "Praha"]
[Date "2017.07.01"]
[Round "3.14"]
[White "Zvacek, Antonin"]
[Black "Groh, Jiri"]
[Result "1-0"]
[WhiteElo "1881"]
[BlackElo "2047"]
[Annotator ""]
[Source ""]
[Remark ""]

1.e4 {[%clk 0:12:04]} c5 {[%clk 0:12:05]} 2.Nf3 {[%clk 0:12:05]}
Nc6 {[%clk 0:12:07]} 3.d4 {[%clk 0:12:06]} cxd4 {[%clk 0:12:09]}
4.Nxd4 {[%clk 0:12:08]} Nf6 {[%clk 0:12:11]} 5.Nc3 {[%clk 0:12:04]}
g6 {[%clk 0:12:14]} 6.Nxc6 {[%clk 0:11:55]} bxc6 {[%clk 0:12:15]}
7.e5 {[%clk 0:11:52]} Ng8 {[%clk 0:12:17]} 8.Bc4 {[%clk 0:11:25]}
Bg7 {[%clk 0:12:19]} 9.Qe2 {[%clk 0:10:47]} Qc7 {[%clk 0:12:06]}
10.f4 {[%clk 0:10:22]} f6 {[%clk 0:12:07]} 11.O-O {[%clk 0:08:25]}
fxe5 {[%clk 0:11:59]} 12.fxe5 {[%clk 0:08:24]} Qxe5 {[%clk 0:11:52]}
13.Bf7+ {[%clk 0:06:57]} Kd8 {[%clk 0:11:53]} 14.Be3 {[%clk 0:05:42]}
Nf6 {[%clk 0:11:35]} 15.Rae1 {[%clk 0:05:31]} d5 {[%clk 0:10:29]}
16.Bb6+ {[%clk 0:05:25]} axb6 {[%clk 0:09:56]} 17.Qxe5 {[%clk 0:05:23]}
Ra7 {[%clk 0:09:16]} 18.Qb8 {[%clk 0:04:08]} Rb7 {[%clk 0:09:11]}
19.Qg3 {[%clk 0:03:34]} Nh5 {[%clk 0:08:41]} 20.Qd3 {[%clk 0:03:21]}
Nf6 {[%clk 0:08:37]} 21.Be6 {[%clk 0:03:15]} Bd7 {[%clk 0:08:22]}
22.Qa6 {[%clk 0:03:08]} Rb8 {[%clk 0:07:25]} 23.Qa7 {[%clk 0:02:52]}
Rc8 {[%clk 0:06:51]} 24.Qxb6+ {[%clk 0:02:45]} Ke8 {[%clk 0:06:53]}
25.Qc5 {[%clk 0:02:22]} Bf8 {[%clk 0:06:18]} 26.Qe3 {[%clk 0:01:59]}
Rc7 {[%clk 0:05:44]} 27.Na4 {[%clk 0:01:50]} h6 {[%clk 0:05:14]}
28.Nc5 {[%clk 0:01:47]} Rh7 {[%clk 0:05:16]} 29.Qd3 {[%clk 0:01:36]}
Rg7 {[%clk 0:05:01]} 30.Qf3 {[%clk 0:01:29]} Ra7 {[%clk 0:04:05]}
31.Bxd7+ {[%clk 0:01:25]} Rxd7 {[%clk 0:03:32]} 32.Qxf6 {[%clk 0:01:16]}
Rg8 {[%clk 0:03:16]} 33.Qe6 {[%clk 0:01:09]} Rd8 {[%clk 0:02:42]}
34.Qxg8 {[%clk 0:01:08]} 1-0

[Event "13. Golden Prague Rapid Open"]
[Site "Praha"]
[Date "2017.07.01"]
[Round "3.15"]
[White "Muk, Ivo"]
[Black "Pribylova, Sofie"]
[Result "1/2-1/2"]
[WhiteElo "2010"]
[BlackElo "1880"]
[Annotator ""]
[Source ""]
[Remark ""]

1.c4 {[%clk 0:12:03]} Nf6 {[%clk 0:11:59]} 2.Nc3 {[%clk 0:12:03]}
e5 {[%clk 0:11:53]} 3.d3 {[%clk 0:12:00]} d6 {[%clk 0:11:48]}
4.g3 {[%clk 0:12:00]} Be7 {[%clk 0:11:48]} 5.Bg2 {[%clk 0:12:02]}
Nbd7 {[%clk 0:11:49]} 6.e3 {[%clk 0:11:53]} c6 {[%clk 0:11:42]}
7.Nge2 {[%clk 0:11:51]} O-O {[%clk 0:11:40]} 8.d4 {[%clk 0:11:40]}
Re8 {[%clk 0:11:25]} 9.O-O {[%clk 0:11:40]} Qc7 {[%clk 0:11:12]}
10.b4 {[%clk 0:11:21]} a6 {[%clk 0:10:48]} 11.Bb2 {[%clk 0:11:10]}
Rb8 {[%clk 0:10:39]} 12.Rc1 {[%clk 0:10:59]} Nf8 {[%clk 0:10:36]}
13.c5 {[%clk 0:10:04]} d5 {[%clk 0:10:00]} 14.dxe5 {[%clk 0:09:52]}
Qxe5 {[%clk 0:09:58]} 15.Qd2 {[%clk 0:08:27]} Qc7 {[%clk 0:09:47]}
16.Rfe1 {[%clk 0:07:52]} a5 {[%clk 0:09:06]} 17.a3 {[%clk 0:07:53]}
axb4 {[%clk 0:09:05]} 18.axb4 {[%clk 0:07:54]} Bg4 {[%clk 0:08:51]}
19.f3 {[%clk 0:07:44]} Bh5 {[%clk 0:08:42]} 20.Nf4 {[%clk 0:07:31]}
Bg6 {[%clk 0:08:04]} 21.e4 {[%clk 0:07:14]} dxe4 {[%clk 0:07:19]}
22.Nxe4 {[%clk 0:06:45]} Nxe4 {[%clk 0:06:41]} 23.fxe4 {[%clk 0:06:40]}
Rbd8 {[%clk 0:06:37]} 24.Qc3 {[%clk 0:06:29]} Bf6 {[%clk 0:06:36]}
25.e5 {[%clk 0:06:30]} Bg5 {[%clk 0:05:58]} 26.Rcd1 {[%clk 0:05:32]}
Bf5 {[%clk 0:05:24]} 27.Rf1 {[%clk 0:04:51]} Ne6 {[%clk 0:04:45]}
28.Rd6 {[%clk 0:03:42]} Be7 {[%clk 0:04:20]} 29.Rd2 {[%clk 0:03:33]}
Rxd2 {[%clk 0:04:08]} 30.Qxd2 {[%clk 0:03:33]} Rd8 {[%clk 0:04:10]}
31.Qe3 {[%clk 0:03:08]} Nxf4 {[%clk 0:03:24]} 32.Qxf4 {[%clk 0:03:02]}
Be6 {[%clk 0:03:21]} 33.Be4 {[%clk 0:02:42]} b6 {[%clk 0:03:01]}
34.Qf2 {[%clk 0:01:58]} bxc5 {[%clk 0:03:00]} 35.bxc5 {[%clk 0:01:59]}
Qa5 {[%clk 0:02:55]} 36.Rc1 {[%clk 0:01:57]} Rd2 {[%clk 0:02:49]}
37.Bc3 {[%clk 0:01:56]} Bxc5 {[%clk 0:01:45]} 38.Bxa5 {[%clk 0:01:42]}
Bxf2+ {[%clk 0:01:46]} 39.Kh1 {[%clk 0:01:31]} Ra2 {[%clk 0:01:10]}
40.Bb4 {[%clk 0:01:17]} g6 {[%clk 0:00:52]} 41.Bxc6 {[%clk 0:01:08]}
Bd4 {[%clk 0:00:40]} 42.Bd6 {[%clk 0:01:04]} Kg7 {[%clk 0:00:38]}
43.Be4 {[%clk 0:00:49]} Bh3 {[%clk 0:00:33]} 44.Bd5 {[%clk 0:00:41]} 1/2-1/2

[Event "13. Golden Prague Rapid Open"]
[Site "Praha"]
[Date "2017.07.01"]
[Round "3.16"]
[White "Lexa, Vaclav"]
[Black "Plasek, Zdenek"]
[Result "0-1"]
[WhiteElo "1855"]
[BlackElo "1993"]
[Annotator ""]
[Source ""]
[Remark ""]

1.d4 {[%clk 0:12:04]} d5 {[%clk 0:12:02]} 2.c4 {[%clk 0:12:05]}
e6 {[%clk 0:12:02]} 3.Nc3 {[%clk 0:12:06]} a6 {[%clk 0:12:00]}
4.Nf3 {[%clk 0:12:02]} dxc4 {[%clk 0:11:57]} 5.a4 {[%clk 0:11:58]}
Bb4 {[%clk 0:11:55]} 6.e4 {[%clk 0:11:58]} Nf6 {[%clk 0:11:47]}
7.Bg5 {[%clk 0:11:49]} h6 {[%clk 0:11:18]} 8.Bxf6 {[%clk 0:11:48]}
Qxf6 {[%clk 0:11:19]} 9.Bxc4 {[%clk 0:11:41]} c5 {[%clk 0:11:13]}
10.e5 {[%clk 0:09:41]} Qg6 {[%clk 0:11:12]} 11.O-O {[%clk 0:09:42]}
cxd4 {[%clk 0:11:01]} 12.Qxd4 {[%clk 0:09:40]} Nc6 {[%clk 0:10:43]}
13.Qe3 {[%clk 0:09:29]} Bxc3 {[%clk 0:10:37]} 14.Qxc3 {[%clk 0:09:13]}
O-O {[%clk 0:10:37]} 15.Rfd1 {[%clk 0:08:59]} b6 {[%clk 0:08:49]}
16.Rd6 {[%clk 0:07:24]} Bb7 {[%clk 0:08:31]} 17.Rad1 {[%clk 0:07:24]}
Na5 {[%clk 0:07:31]} 18.Be2 {[%clk 0:06:46]} Rac8 {[%clk 0:07:16]}
19.Qd4 {[%clk 0:06:10]} Nc4 {[%clk 0:06:45]} 20.Nh4 {[%clk 0:05:00]}
Qg5 {[%clk 0:06:39]} 21.Bxc4 {[%clk 0:04:59]} b5 {[%clk 0:06:03]}
22.axb5 {[%clk 0:04:57]} axb5 {[%clk 0:06:03]} 23.Bxb5 {[%clk 0:04:48]}
Rc1 {[%clk 0:05:02]} 24.Qa4 {[%clk 0:04:00]} Ra8 {[%clk 0:04:54]}
25.Qb4 {[%clk 0:03:24]} Raa1 {[%clk 0:04:54]} 26.Be2 {[%clk 0:03:20]}
Bd5 {[%clk 0:04:48]} 27.Rxc1 {[%clk 0:00:54]} Qxc1+ {[%clk 0:04:38]} 0-1

[Event "13. Golden Prague Rapid Open"]
[Site "Praha"]
[Date "2017.07.01"]
[Round "3.17"]
[White "Simecek, Bohumil"]
[Black "Kalvach, Ladislav"]
[Result "1/2-1/2"]
[WhiteElo "1983"]
[BlackElo "1852"]
[Annotator ""]
[Source ""]
[Remark ""]

1.d4 Nf6 2.Nf3 b6 3.Bf4 Bb7 4.e3 d6 5.h3 Nbd7 6.Be2 e6 7.O-O
Be7 8.c4 O-O 9.Nc3 a6 10.Rc1 c5 11.d5 e5 12.Bh2 h6 13.e4 Nh7
14.Nd2 Bg5 15.Rb1 Bc8 16.Bg4 Ndf6 17.Bxc8 Qxc8 18.Nf3 Ne8 19.Nxg5
hxg5 20.Qg4 Nef6 21.Qe2 g4 22.hxg4 Nxg4 23.Bg3 f5 24.exf5 Qxf5
25.Ne4 Rad8 26.f3 Ngf6 27.b4 Ng5 28.bxc5 bxc5 29.Nxf6+ Rxf6 30.Bh4
Rh6 31.Bxg5 Qxg5 32.Rb7 Qh4 33.Qe4 Qg3 34.Qg4 Qxg4 35.fxg4 Rf8 1/2-1/2

[Event "13. Golden Prague Rapid Open"]
[Site "Praha"]
[Date "2017.07.01"]
[Round "3.18"]
[White "Kovar, Jan"]
[Black "Saur, Frantisek"]
[Result "1/2-1/2"]
[WhiteElo "1978"]
[BlackElo "1780"]
[Annotator ""]
[Source ""]
[Remark ""]

1.e4 {[%clk 0:12:04]} c6 {[%clk 0:12:04]} 2.d4 {[%clk 0:12:06]}
d5 {[%clk 0:12:06]} 3.exd5 {[%clk 0:12:08]} cxd5 {[%clk 0:12:07]}
4.Bd3 {[%clk 0:12:09]} Nc6 {[%clk 0:12:03]} 5.c3 {[%clk 0:12:08]}
Nf6 {[%clk 0:12:02]} 6.Bf4 {[%clk 0:12:10]} Bg4 {[%clk 0:11:55]}
7.Qb3 {[%clk 0:12:10]} Qd7 {[%clk 0:11:40]} 8.Nd2 {[%clk 0:12:12]}
e6 {[%clk 0:11:31]} 9.Ngf3 {[%clk 0:12:13]} Bh5 {[%clk 0:10:55]}
10.O-O {[%clk 0:12:00]} Be7 {[%clk 0:10:57]} 11.h3 {[%clk 0:11:52]}
Bg6 {[%clk 0:10:52]} 12.Bb5 {[%clk 0:11:07]} O-O {[%clk 0:09:32]}
13.Ne5 {[%clk 0:10:37]} Qc8 {[%clk 0:09:28]} 14.Bxc6 {[%clk 0:10:12]}
bxc6 {[%clk 0:09:22]} 15.Nxg6 {[%clk 0:10:13]} hxg6 {[%clk 0:09:15]}
16.Nf3 {[%clk 0:09:21]} Nd7 {[%clk 0:09:03]} 17.Rfe1 {[%clk 0:07:20]}
c5 {[%clk 0:09:03]} 18.dxc5 {[%clk 0:07:18]} Bxc5 {[%clk 0:08:30]}
19.Rad1 {[%clk 0:07:09]} Qa6 {[%clk 0:07:31]} 20.a3 {[%clk 0:06:29]}
Qb6 {[%clk 0:07:21]} 21.Qxb6 {[%clk 0:06:11]} Nxb6 {[%clk 0:07:03]}
22.b4 {[%clk 0:05:04]} Be7 {[%clk 0:06:58]} 23.Ne5 {[%clk 0:04:40]}
Bf6 {[%clk 0:06:38]} 24.Rd3 {[%clk 0:03:57]} Rac8 {[%clk 0:06:28]}
25.g4 {[%clk 0:03:15]} g5 {[%clk 0:05:35]} 26.Bd2 {[%clk 0:02:46]}
Rfd8 {[%clk 0:05:32]} 27.f4 {[%clk 0:02:24]} gxf4 {[%clk 0:05:05]}
28.Bxf4 {[%clk 0:02:24]} Nc4 {[%clk 0:04:56]} 29.Nxc4 {[%clk 0:02:17]}
Rxc4 {[%clk 0:04:57]} 30.Be5 {[%clk 0:02:06]} Bh4 {[%clk 0:04:39]}
31.Bg3 {[%clk 0:01:36]} Bf6 {[%clk 0:04:26]} 32.Be5 {[%clk 0:01:37]}
Bh4 {[%clk 0:04:28]} 33.Bg3 {[%clk 0:01:38]} Be7 {[%clk 0:04:16]}
34.Be5 {[%clk 0:01:23]} Rdc8 {[%clk 0:04:15]} 35.Bd4 {[%clk 0:01:15]}
a6 {[%clk 0:04:06]} 36.Kg2 Ra8 1/2-1/2

[Event "13. Golden Prague Rapid Open"]
[Site "Praha"]
[Date "2017.07.01"]
[Round "4.1"]
[White "Balacek, Tadeas"]
[Black "Plischki, Sebastian"]
[Result "1-0"]
[WhiteElo "2308"]
[BlackElo "2415"]
[Annotator ""]
[Source ""]
[Remark ""]

1.d4 {[%clk 0:12:04]} Nf6 {[%clk 0:12:04]} 2.c4 {[%clk 0:12:04]}
e6 {[%clk 0:12:03]} 3.g3 {[%clk 0:12:06]} c5 {[%clk 0:12:02]}
4.Nf3 {[%clk 0:12:06]} a6 {[%clk 0:11:53]} 5.Bg2 {[%clk 0:12:02]}
b5 {[%clk 0:11:54]} 6.Ne5 {[%clk 0:10:08]} Ra7 {[%clk 0:11:52]}
7.O-O {[%clk 0:09:37]} bxc4 {[%clk 0:11:44]} 8.e4 {[%clk 0:09:32]}
d5 {[%clk 0:10:18]} 9.Nc3 {[%clk 0:08:39]} Be7 {[%clk 0:09:56]}
10.exd5 {[%clk 0:08:11]} exd5 {[%clk 0:09:51]} 11.dxc5 {[%clk 0:08:10]}
Be6 {[%clk 0:09:25]} 12.Qa4+ {[%clk 0:07:42]} Kf8 {[%clk 0:09:17]}
13.Be3 {[%clk 0:07:37]} Rc7 {[%clk 0:08:33]} 14.Rfd1 {[%clk 0:07:27]}
Bxc5 {[%clk 0:08:14]} 15.Bxc5+ {[%clk 0:06:41]} Rxc5 {[%clk 0:08:16]}
16.Qb4 {[%clk 0:06:27]} Qc7 {[%clk 0:06:19]} 17.Nxd5 {[%clk 0:05:49]}
Bxd5 {[%clk 0:06:12]} 18.Bxd5 {[%clk 0:05:50]} a5 {[%clk 0:05:34]}
19.Qa3 {[%clk 0:05:29]} Na6 {[%clk 0:05:12]} 20.Nxf7 {[%clk 0:04:22]}
Nb4 {[%clk 0:05:02]} 21.Ng5 {[%clk 0:03:48]} Qb6 {[%clk 0:03:33]}
22.Ne6+ {[%clk 0:03:10]} Ke7 {[%clk 0:03:32]} 23.Nxc5 {[%clk 0:02:50]}
Nfxd5 {[%clk 0:03:26]} 24.Re1+ {[%clk 0:02:35]} Kf7 {[%clk 0:03:24]}
25.Nd7 {[%clk 0:02:27]} Qd4 {[%clk 0:02:46]} 26.Qf3+ {[%clk 0:02:05]}
Nf6 {[%clk 0:02:40]} 27.Ne5+ {[%clk 0:01:57]} 1-0

[Event "13. Golden Prague Rapid Open"]
[Site "Praha"]
[Date "2017.07.01"]
[Round "4.2"]
[White "Netusil, Miloslav"]
[Black "Frolov, Artur"]
[Result "1-0"]
[WhiteElo "2249"]
[BlackElo "2332"]
[Annotator ""]
[Source ""]
[Remark ""]

1.d4 {[%clk 0:12:04]} Nf6 {[%clk 0:12:05]} 2.c4 {[%clk 0:12:07]}
g6 {[%clk 0:12:08]} 3.Nc3 {[%clk 0:12:09]} Bg7 {[%clk 0:12:10]}
4.e4 {[%clk 0:12:11]} d6 {[%clk 0:12:13]} 5.Be2 {[%clk 0:12:13]}
O-O {[%clk 0:12:12]} 6.h4 {[%clk 0:12:15]} c5 {[%clk 0:11:42]}
7.d5 {[%clk 0:12:17]} e6 {[%clk 0:10:42]} 8.h5 {[%clk 0:12:19]}
exd5 {[%clk 0:10:44]} 9.cxd5 {[%clk 0:12:20]} Re8 {[%clk 0:10:26]}
10.hxg6 {[%clk 0:12:09]} fxg6 {[%clk 0:10:19]} 11.Bg5 {[%clk 0:12:08]}
Qa5 {[%clk 0:09:18]} 12.Qd2 {[%clk 0:11:53]} Nbd7 {[%clk 0:08:54]}
13.Nf3 {[%clk 0:11:35]} a6 {[%clk 0:07:50]} 14.O-O {[%clk 0:11:02]}
b5 {[%clk 0:07:32]} 15.a3 {[%clk 0:11:04]} Qc7 {[%clk 0:07:06]}
16.Bh6 {[%clk 0:10:30]} b4 {[%clk 0:05:46]} 17.Na4 {[%clk 0:10:32]}
Nxe4 {[%clk 0:05:19]} 18.Qc1 {[%clk 0:10:34]} bxa3 {[%clk 0:04:37]}
19.Rxa3 {[%clk 0:10:34]} Ndf6 {[%clk 0:04:23]} 20.Bxg7 {[%clk 0:10:25]}
Kxg7 {[%clk 0:04:23]} 21.Bc4 {[%clk 0:10:06]} Rb8 {[%clk 0:04:15]}
22.Ng5 {[%clk 0:09:21]} Nxg5 {[%clk 0:04:13]} 23.Qxg5 {[%clk 0:09:23]}
Re5 {[%clk 0:04:09]} 24.Qc1 {[%clk 0:09:04]} Re4 {[%clk 0:03:56]}
25.Re3 {[%clk 0:08:46]} Qe7 {[%clk 0:03:54]} 26.Rfe1 {[%clk 0:08:49]}
Rxe3 {[%clk 0:03:44]} 27.Rxe3 {[%clk 0:08:50]} Qf7 {[%clk 0:03:38]}
28.Qe1 {[%clk 0:08:43]} Kf8 {[%clk 0:03:33]} 29.Qa5 {[%clk 0:08:25]}
Bd7 {[%clk 0:03:03]} 30.Qc7 {[%clk 0:08:20]} Re8 {[%clk 0:03:01]}
31.Qxd6+ {[%clk 0:08:15]} Kg7 {[%clk 0:02:55]} 32.Nxc5 {[%clk 0:08:07]}
Rxe3 {[%clk 0:02:25]} 33.fxe3 {[%clk 0:08:09]} Bc8 {[%clk 0:01:58]}
34.Qe5 {[%clk 0:07:56]} Kh6 {[%clk 0:01:05]} 35.b3 {[%clk 0:03:56]}
Ng4 {[%clk 0:00:31]} 36.Qf4+ {[%clk 0:03:58]} Qxf4 {[%clk 0:00:33]}
37.exf4 {[%clk 0:04:00]} Nf6 {[%clk 0:00:29]} 38.d6 {[%clk 0:03:55]}
Kg7 {[%clk 0:00:24]} 39.Bxa6 {[%clk 0:03:48]} Bxa6 {[%clk 0:00:21]}
40.Nxa6 {[%clk 0:03:50]} Nd7 {[%clk 0:00:21]} 41.b4 {[%clk 0:03:51]}
Kf7 {[%clk 0:00:19]} 42.Nc5 {[%clk 0:03:52]} Nb6 {[%clk 0:00:22]}
43.Kf2 {[%clk 0:03:50]} Nc4 {[%clk 0:00:24]} 44.d7 {[%clk 0:03:44]}
Ke7 {[%clk 0:00:26]} 45.Kf3 {[%clk 0:03:39]} Nb6 {[%clk 0:00:26]}
46.Ke4 {[%clk 0:03:38]} Nc4 {[%clk 0:00:27]} 47.g4 {[%clk 0:03:35]}
h5 {[%clk 0:00:28]} 48.gxh5 {[%clk 0:03:31]} gxh5 {[%clk 0:00:31]}
49.Kf5 {[%clk 0:03:30]} Ne3+ {[%clk 0:00:28]} 50.Kg5 {[%clk 0:03:31]}
Nd5 {[%clk 0:00:30]} 51.b5 {[%clk 0:03:31]} h4 {[%clk 0:00:22]}
52.b6 {[%clk 0:02:10]} Nxb6 {[%clk 0:00:20]} 53.Kxh4 {[%clk 0:02:12]}
Nd5 {[%clk 0:00:10]} 54.Kg5 {[%clk 0:02:12]} Nf6 {[%clk 0:00:09]} 1-0

[Event "13. Golden Prague Rapid Open"]
[Site "Praha"]
[Date "2017.07.01"]
[Round "4.3"]
[White "Konopka, Michal"]
[Black "Hosticka, Frantisek"]
[Result "1-0"]
[WhiteElo "2415"]
[BlackElo "2138"]
[Annotator ""]
[Source ""]
[Remark ""]

1.Nf3 {[%clk 0:12:03]} Nf6 {[%clk 0:12:03]} 2.c4 {[%clk 0:12:04]}
a6 {[%clk 0:11:58]} 3.Nc3 {[%clk 0:11:51]} c5 {[%clk 0:11:39]}
4.g3 {[%clk 0:11:49]} b6 {[%clk 0:11:29]} 5.Bg2 {[%clk 0:11:48]}
Bb7 {[%clk 0:11:31]} 6.O-O {[%clk 0:11:47]} e6 {[%clk 0:11:27]}
7.d4 {[%clk 0:11:44]} Ne4 {[%clk 0:10:26]} 8.d5 {[%clk 0:11:14]}
Nxc3 {[%clk 0:10:14]} 9.bxc3 {[%clk 0:11:15]} Be7 {[%clk 0:08:50]}
10.e4 {[%clk 0:11:01]} e5 {[%clk 0:07:20]} 11.Nxe5 {[%clk 0:10:14]}
Bf6 {[%clk 0:07:17]} 12.Nd3 {[%clk 0:08:03]} Bxc3 {[%clk 0:07:06]}
13.Rb1 {[%clk 0:08:04]} d6 {[%clk 0:06:33]} 14.Qb3 {[%clk 0:07:53]}
Ba5 {[%clk 0:06:20]} 15.e5 {[%clk 0:07:38]} O-O {[%clk 0:05:41]}
16.exd6 {[%clk 0:07:15]} Qxd6 {[%clk 0:05:23]} 17.Bf4 {[%clk 0:07:15]}
Qd8 {[%clk 0:01:38]} 18.Nxc5 {[%clk 0:07:06]} bxc5 {[%clk 0:01:31]}
19.Qxb7 {[%clk 0:07:05]} Nd7 {[%clk 0:01:33]} 20.d6 {[%clk 0:05:45]}
g5 {[%clk 0:01:26]} 21.Qxa8 {[%clk 0:05:08]} Qf6 {[%clk 0:00:39]}
22.Qc6 {[%clk 0:04:26]} Nb8 {[%clk 0:00:15]} 23.Qxc5 {[%clk 0:03:55]}
gxf4 {[%clk 0:00:05]} 24.Qxa5 {[%clk 0:03:53]} Qxd6 {[%clk 0:00:05]} 1-0

[Event "13. Golden Prague Rapid Open"]
[Site "Praha"]
[Date "2017.07.01"]
[Round "4.4"]
[White "Kiss, Pal"]
[Black "Vetrovsky, Michal"]
[Result "1-0"]
[WhiteElo "2339"]
[BlackElo "2081"]
[Annotator ""]
[Source ""]
[Remark ""]

1.d4 {[%clk 0:12:05]} d5 {[%clk 0:12:04]} 2.c4 {[%clk 0:12:05]}
c6 {[%clk 0:12:06]} 3.Nc3 {[%clk 0:12:05]} Nf6 {[%clk 0:12:06]}
4.e3 {[%clk 0:12:06]} a6 {[%clk 0:12:07]} 5.Nf3 {[%clk 0:12:04]}
e6 {[%clk 0:12:08]} 6.b3 {[%clk 0:11:53]} Nbd7 {[%clk 0:12:04]}
7.Bd3 {[%clk 0:11:51]} Bd6 {[%clk 0:11:52]} 8.O-O {[%clk 0:11:49]}
O-O {[%clk 0:11:52]} 9.Bb2 {[%clk 0:10:50]} Re8 {[%clk 0:11:44]}
10.Qc2 {[%clk 0:09:55]} h6 {[%clk 0:11:38]} 11.Rad1 {[%clk 0:09:45]}
Qe7 {[%clk 0:10:47]} 12.Rfe1 {[%clk 0:09:21]} e5 {[%clk 0:10:33]}
13.e4 {[%clk 0:07:34]} dxe4 {[%clk 0:10:13]} 14.Nxe4 {[%clk 0:07:27]}
Nxe4 {[%clk 0:10:06]} 15.Bxe4 {[%clk 0:07:16]} Qf6 {[%clk 0:07:42]}
16.dxe5 {[%clk 0:05:45]} Nxe5 {[%clk 0:06:02]} 17.Nxe5 {[%clk 0:05:43]}
Bxe5 {[%clk 0:05:41]} 18.Bh7+ {[%clk 0:05:08]} Kh8 {[%clk 0:05:29]}
19.Bxe5 {[%clk 0:04:56]} Qg5 {[%clk 0:03:46]} 20.h4 {[%clk 0:03:24]}
Qg4 {[%clk 0:03:03]} 21.Bxg7+ {[%clk 0:02:45]} Kxg7 {[%clk 0:03:03]}
22.Rxe8 {[%clk 0:02:45]} Bf5 1-0